00572 2200193 4500001002100000005001500021035002000036007000300056008004100059082000800100084001400108100001300122245008000135250001900215260004100234300004400275600003100319856002800350INLIS00000000113683520220118082600 a0010-0122001927ta220118 0  a640 a640 ZUM p0 aZumrotun1 aPemanfaatan Tanah Pekarangan Untuk Menambah Pendapatan Keluarga /cZumrotun acetakan kelima aJakarta :bMusi Perkasa Utama,c2005 aviii+60 halaman :bilustrasi ;c16x21cm 4akesejahteraan rumah tangga aDinas Perpustakaan Umum